| 000 | 00645nam a22001457a 4500 | ||
|---|---|---|---|
| 020 | _a978-1-4169-0003-0 | ||
| 082 |
_a823 _bDIX/H |
||
| 100 | _aDIXON, FRANKLIN W | ||
| 245 | _aTHE HARDY BOYS - RUNNING ON FUMES | ||
| 260 |
_aNEW YORK _bALADDIN PAPERBACKS _c2005 |
||
| 300 | _a150 | ||
| 520 | _a(American Teens Against Crime) agents Frank and Joe Hardy are trapped on the 22nd floor of a burning office building. Once they get out of that one, they're sent on a new mission, to investigate a suspected ecoterrorist named Arthur Stench, who runs the Heaven compound in the California desert. | ||
| 650 |
_aMYSTERY STORY _zUNITED STATES |
||
| 942 | _cBK | ||
| 999 |
_c7764 _d7764 |
||